Zákon o miestnych daniach a miestnom poplatku za komunálne odpady a drobné stavebné odpady

Miestne dane ukladajú obce všeobecne záväzným nariadením, v ktorom upravujú sadzby daní, zníženie daní a oslobodenie od daní. Rovnako aj poplatok ukladajú obce všeobecne záväzným nariadením, ktorým tiež upravujú sadzby poplatku, ako aj podklady pre jeho zníženie alebo odpustenie. Všeobecné záväzné n...

Descrizione completa

Salvato in:
Dettagli Bibliografici
Autore principale: Ivanáková, Daniela
Natura: Capitolo di libro
Lingua:slovacco
Soggetti:
Tags: Aggiungi Tag
Nessun Tag, puoi essere il primo ad aggiungerne!!

MARC

LEADER 00000naa a2200000 4500
001 0300063
005 20240626113951.9
041 0 |a slo 
044 |a SK 
245 1 0 |a Zákon o miestnych daniach a miestnom poplatku za komunálne odpady a drobné stavebné odpady  |c Daniela Ivanáková 
520 |a Miestne dane ukladajú obce všeobecne záväzným nariadením, v ktorom upravujú sadzby daní, zníženie daní a oslobodenie od daní. Rovnako aj poplatok ukladajú obce všeobecne záväzným nariadením, ktorým tiež upravujú sadzby poplatku, ako aj podklady pre jeho zníženie alebo odpustenie. Všeobecné záväzné nariadenia sú spravidla zverejňované na webových stránkach príslušných obcí. Miestne dane sa týkajú takmer všetkých a každoročne dochádza v ich súvislosti k viacerým zmenám. 
610 2 0 |a zákony 
610 2 0 |a poplatky miestne 
610 2 0 |a odpad komunálny 
610 2 0 |a dane 
610 2 0 |a sadzby daňové 
100 1 |a Ivanáková, Daniela